James y el melocotón gigante (Registro nro. 1626)

Detalles MARC
000 -CABECERA
Longitud fija campo de control 01621nam a2200337Ia 4500
005 - • FECHA Y HORA DE LA ÚLTIMA TRANSACCIÓN
Fecha y hora de la última transacción 20220316235632.0
008 - • CÓDIGOS DE INFORMACIÓN DE LONGITUD FIJA
Códigos de información de longitud fija 121119s2003 ck a gr 000 f spa
020 ## - • NÚMERO INTERNACIONAL NORMALIZADO PARA LIBROS
Número Internacional Normalizado para Libros (ISBN) 9587040252
041 1# - • CÓDIGO DE LENGUA
Código de lengua del texto/banda sonora o título independiente spa
040 ## - FUENTE DE LA CATALOGACIÓN
Centro catalogador de origen CO-BoRNBP
Lengua de catalogación spa
Normas de descripción rda
Centro transcriptor CO-BoRNBP
084 ## - • Clasificación Local Alfanúmerica PNLB
Número de clasificación N DAH1
100 1# - • PUNTO DE ACCESO PRINCIPAL-NOMBRE DE PERSONA
Nombre de persona Dahl, Roald
Fechas asociadas al nombre 1916-1990
245 10 - • TITULO PROPIAMENTE DICHO
Título James y el melocotón gigante
Mención de responsabilidad, etc. Roald Dahl ; traducción de Leopoldo Rodríguez ; textos rimados de María Puncel ; ilustraciones de Quentin
250 ## - • MENCIÓN DE EDICIÓN
Mención de edición Primera edición
264 ## - PRODUCCIÓN, PUBLICACIÓN , DISTRIBUCIÓN, FABRICACIÓN Y COPYRIGHT
Lugar de producción, publicación, distribución, fabricación Bogotá
Nombre del productor, editor, distribuidor, fabricante Alfaguara
Fecha de de producción, publicación, distribución, fabricación o copyright 2003
300 ## - • DESCRIPCIÓN FÍSICA
Extensión 178 páginas
Otras características físicas ilustraciones
Dimensiones 23 cm
336 ## - TIPO DE CONTENIDO
Término de tipo de contenido texto
Código de tipo de contenido txt
Fuente rdacontent
337 ## - TIPO DE MEDIO
Nombre del tipo de medio sin mediación
Código del tipo de medio n
Fuente rdamedia
338 ## - TIPO DE SOPORTE
Nombre del tipo de soporte volumen
Código del tipo de soporte nc
Fuente rdacarrier
490 0# - • MENCIÓN DE SERIE
Mención de serie Alfaguara juvenil. Azul
520 3# - • NOTA DE RESUMEN
Resumen, etc, Cuando James deja caer al suelo una bolsa llena de lenguas de cocodrilo, un melocotón empieza a crecer de forma sorprendente. Al introducirse en él, James descubre el mágico mundo que hay en su interior: un sorprendente grupo de insectos con aspecto de persona, como el indiscreto ciempiés, la maternal mariquita, el sabio saltamontes y la coqueta araña. Ahí comienza su increíble viaje a través del Océano Atlántico, convirtiéndose en la mayor aventura de su vida.
521 1# - • NOTA DE PÚBLICO DESTINATARIO
Nota público destinatario (R ) Recomendado para niños de 12 años
534 ## - • Nota De Versión Original
Título James and the giant peach
650 14 - • PUNTO DE ACCESO ADICIONAL DE MATERIA - TÉRMINO DE MATERIA
Término de materia o nombre geográfico como elemento inicial Literatura inglesa
Fuente del encabezamiento o término LEMB
650 14 - • PUNTO DE ACCESO ADICIONAL DE MATERIA - TÉRMINO DE MATERIA
Término de materia o nombre geográfico como elemento inicial Huérfanos
Subdivisión de forma Novela
Fuente del encabezamiento o término LEMB
650 14 - • PUNTO DE ACCESO ADICIONAL DE MATERIA - TÉRMINO DE MATERIA
Término de materia o nombre geográfico como elemento inicial Novela inglesa
Subdivisión cronológica Siglo XX
Fuente del encabezamiento o término LEMB
700 1# - • PUNTO DE ACCESO ADICIONAL - NOMBRE DE PERSONA
Nombre de persona Rodríguez, Leopoldo
Término indicativo de función traductor
700 1# - • PUNTO DE ACCESO ADICIONAL - NOMBRE DE PERSONA
Nombre de persona Puncel, María
700 1# - • PUNTO DE ACCESO ADICIONAL - NOMBRE DE PERSONA
Nombre de persona Blake, Quentin
Término indicativo de función ilustrador
942 ## - ENTRADA DE ELEMENTOS AGREGADOS (KOHA)
Fuente de clasificaión o esquema
Koha [por defecto] tipo de item Libro Literatura
Existencias
Perdido Fuente de clasificación o esquema Estado Físico No para préstamo Forma de adquisición Localización permanente Localización actual Localización en estanterías Fecha adquisición Signatura completa Código de barras Fecha última consulta Número de copia Fecha del precio de reemplazo Tipo de item de Koha Préstamos totales Renovaciones totales Prestado Fecha último préstamo Fuente de adquisición Número de registro
  Dewey Decimal Classification     Infantil Biblioteca Pública Cubarral Biblioteca Pública Cubarral Sala Infantil 07/18/2023 N DAH1 CUB00227 07/18/2023 Ej.1 07/18/2023 Libro Literatura            
  Dewey Decimal Classification     Infantil Biblioteca Pública Dorado Biblioteca Pública Dorado Sala Infantil 02/27/2023 NDAH1 DOR02216 02/27/2023 Ej.1 02/27/2023 Libro Literatura            
  Dewey Decimal Classification     Infantil Biblioteca Pública Puerto Lleras Biblioteca Pública Puerto Lleras Literatura 10/13/2023 DAH1 PLL00260 10/13/2023 Ej.1 10/13/2023 Libro Infantil            
  Dewey Decimal Classification     Infantil Biblioteca Pública San Carlos de Guaroa - Eduardo Carranza Biblioteca Pública San Carlos de Guaroa - Eduardo Carranza Sala Infantil 06/28/2023 N DAH1 SG00641 06/28/2023 Ej.1 06/28/2023 Libro Literatura            
  Dewey Decimal Classification     Infantil Biblioteca Pública El Castillo - Alfonso Meneses Biblioteca Pública El Castillo - Alfonso Meneses Sala Infantil 08/22/2023 N DAH1 EC00272 08/22/2023 Ej.1 08/22/2023 Libro Literatura            
  Dewey Decimal Classification     Infantil Biblioteca Pública Guamal Biblioteca Pública Guamal Sala Infantil 02/21/2023 N DAH1 GUA001629 02/21/2023 Ej.1 02/21/2023 Libro Infantil            
  Dewey Decimal Classification     Infantil Biblioteca Pública Mapiripan Biblioteca Pública Mapiripan Sala Infantil 01/24/2024 N DAH1 MAP00003272 01/24/2024 Ej.1 01/24/2024 Libro Literatura            
  Clasificación Local Facetada       Biblioteca Pública Puerto Concordia Biblioteca Pública Puerto Concordia   10/08/2025 N DAH1 0005 10/08/2025 Ej.1 10/08/2025 Literatura Infantil         PNLB3 1626
  Dewey Decimal Classification     Infantil Biblioteca Pública Puerto Rico Biblioteca Pública Puerto Rico Sala Infantil 12/05/2022 NDAH1 PR0000001111 12/05/2022 Ej.1 12/05/2022 Libro Literatura            
  Dewey Decimal Classification       Biblioteca Pública San Juanito - Ernesto Maria Peña Romero Biblioteca Pública San Juanito - Ernesto Maria Peña Romero   10/02/2024 N DAH1 SJU01002 03/11/2026 Ej.1 10/02/2024 LIbro 3 2 04/22/2026 03/11/2026    
  Dewey Decimal Classification     Infantil Biblioteca Pública Uribe - Reinerio Arenas Biblioteca Pública Uribe - Reinerio Arenas Sala Infantil 06/20/2025 N DAH1 URI02569 06/20/2025 Ej.1 06/20/2025 Libro Infantil            









Instituto Departamental de Cultura del Meta - Red Departamental de Bibliotecas Públicas del Meta.